[Event "IBCA EU-ch blind 04th"]
[Site "Durham"]
[Date "2007.08.23"]
[Round "9.16"]
[White "Hilton, Stephen H"]
[Black "Kacic Karlin, Kresimir"]
[Result "0-1"]
[WhiteElo "1992"]
[BlackElo "2192"]
[PlyCount "58"]
[EventDate "2007.08.14"]
[EventType "swiss"]
[EventRounds "9"]
[EventCountry "ENG"]
[SourceTitle "EXT 2008"]
[Source "ChessBase"]
[SourceDate "2007.11.25"]
[SourceVersion "1"]
[SourceVersionDate "2007.11.25"]
[SourceQuality "1"]

1. d4 Nf6 2. c4 e6 3. Nf3 b6 4. e3 Bb7 5. Bd3 c5 6. 0-0 Be7 7. Nc3 cxd4 8. exd4 0-0 9. d5 exd5 10. cxd5 d6 11. h3 Na6 12. a3 Nc7 13. Bc4 b5 14. Ba2 a5 15. b4 axb4 16. axb4 Ncxd5 17. Bxd5 Nxd5 18. Rxa8 Qxa8 19. Nxd5 Bxd5 20. Re1 Bf6 21. Re3 Bxf3 22. Rxf3 Be5 23. Ra3 Qe4 24. Bd2 Ra8 25. Ra5 h6 26. Qc1 Rb8 27. f4 Bd4+ 28. Kh2 Bb6 29. Rxb5 Bg1+ 0-1

[Event "IBCA EU-ch blind 04th"]
[Site "Durham"]
[Date "2007.08.17"]
[Round "4.23"]
[White "Kacic Karlin, Kresimir"]
[Black "Fries, Elisabeth"]
[Result "1-0"]
[WhiteElo "2192"]
[BlackElo "1802"]
[PlyCount "37"]
[EventDate "2007.08.14"]
[EventType "swiss"]
[EventRounds "9"]
[EventCountry "ENG"]
[SourceTitle "EXT 2008"]
[Source "ChessBase"]
[SourceDate "2007.11.25"]
[SourceVersion "1"]
[SourceVersionDate "2007.11.25"]
[SourceQuality "1"]

1. d4 d5 2. Nf3 Nf6 3. c4 c6 4. Nc3 e6 5. e3 Nbd7 6. Bd3 dxc4 7. Bxc4 Nb6 8. Bb3 Nbd5 9. 0-0 Bd6 10. Qe2 Nxc3 11. bxc3 Qc7 12. c4 c5 13. e4 e5 14. dxe5 Bxe5 15. Nxe5 Qxe5 16. Bb2 Qe7 17. Ba4+ Kf8 18. e5 Bf5 19. Qf3 1-0

[Event "IBCA-ol blind 12th"]
[Site "La Pineda"]
[Date "2004.11.10"]
[Round "8.1"]
[White "Kacic Karlin, Kresimir"]
[Black "Wassin, Sergej"]
[Result "1/2-1/2"]
[WhiteElo "2181"]
[BlackElo "2303"]
[PlyCount "60"]
[EventDate "2004.11.03"]
[EventType "team-swiss"]
[EventRounds "9"]
[EventCountry "ESP"]
[SourceTitle "EXT 2010"]
[Source "ChessBase"]
[SourceDate "2010.11.25"]
[SourceVersion "1"]
[SourceVersionDate "2010.11.25"]
[SourceQuality "1"]
[WhiteTeam "Croatia (blind)"]
[BlackTeam "Ukraine (blind)"]
[WhiteTeamCountry "CRO"]
[BlackTeamCountry "UKR"]

1. d4 Nf6 2. c4 c5 3. d5 b5 4. cxb5 a6 5. bxa6 g6 6. g3 Bxa6 7. Bg2 d6 8. b3 Bg7 9. Bb2 Nbd7 10. Nh3 Qa5+ 11. Bc3 Qc7 12. 0-0 0-0 13. Re1 Rfb8 14. Nd2 Nb6 15. e4 Nfd7 16. Bxg7 Kxg7 17. f4 c4 18. Rc1 Qa7 19. Kh1 Rc8 20. e5 cxb3 21. Rxc8 Rxc8 22. axb3 Bb7 23. exd6 exd6 24. Nf1 Qa8 25. Qd4+ Kg8 26. Ra1 Qb8 27. Nf2 Qc7 28. Ra7 Qb8 29. Ra1 Qc7 30. Ra7 Qb8 1/2-1/2

[Event "IBCA-ol blind 12th"]
[Site "La Pineda"]
[Date "2004.11.07"]
[Round "5.1"]
[White "Trkaljanov, Vladimir"]
[Black "Kacic Karlin, Kresimir"]
[Result "1-0"]
[WhiteElo "2235"]
[BlackElo "2181"]
[PlyCount "109"]
[EventDate "2004.11.03"]
[EventType "team-swiss"]
[EventRounds "9"]
[EventCountry "ESP"]
[SourceTitle "EXT 2010"]
[Source "ChessBase"]
[SourceDate "2010.11.25"]
[SourceVersion "1"]
[SourceVersionDate "2010.11.25"]
[SourceQuality "1"]
[WhiteTeam "Macedonia (blind)"]
[BlackTeam "Croatia (blind)"]
[WhiteTeamCountry "MKD"]
[BlackTeamCountry "CRO"]

1. e4 e5 2. Nf3 Nc6 3. d4 exd4 4. Bc4 Nf6 5. 0-0 Nxe4 6. Re1 d5 7. Nc3 dxc4 8. Rxe4+ Be6 9. Nxd4 Nxd4 10. Rxd4 Bd6 11. Ne4 0-0 12. Bg5 f6 13. Bf4 Qc8 14. Bxd6 cxd6 15. Nxd6 Qc5 16. c3 b5 17. Qe2 Bf7 18. Re1 a6 19. Qg4 Bg6 20. h4 Kh8 21. Qe6 Qh5 22. Re3 f5 23. Qe5 Qh6 24. g3 Rf6 25. Rf4 Qh5 26. Qd4 Rff8 27. Re7 Qh6 28. h5 Bxh5 29. Nxf5 Qf6 30. Nxg7 Qxd4 31. Rxd4 Bf3 32. Ne6 Rae8 33. Rxe8 Rxe8 34. Rd8 Rxd8 35. Nxd8 Kg7 36. Ne6+ Kf6 37. Nd4 Bd5 38. f4 Kg6 39. Kf2 Kh5 40. Nf5 Be4 41. Ne3 Kg6 42. g4 a5 43. Kg3 Bd3 44. a3 Be4 45. Kh4 Kh6 46. f5 Kg7 47. Kg5 Bf3 48. Kf4 Bc6 49. g5 Kf7 50. Ke5 Ke7 51. Nd5+ Kf7 52. Nc7 Bd7 53. Ne6 Bc8 54. Nc5 Ke7 55. Ne4 1-0